000 00362nam a2200169Ia 4500
100 _aAswathappa/K
650 _aHuman resource
250 _a6
942 _cBK
366 _f25
245 _aHuman resoure management
260 _bTata Mc Graw hill Ltd.
_c2010
082 _a658.31244
_bASW
300 _a829
546 _aENGLISH
_cInfo.Tech
999 _c18407
_d18407